000
00214 a2200097 4500
001
43824
100
_a
Kohr
245
_a
The breakdown of nations
260
_a
London
_b
Routledge & Kegan
_c
090
_c
27584
_d
27584
942
_a
NUST-CAE
_c
M
_c
19540
999
_c
278897
_d
278897